000 00935cad a22002535a 4500
001 E147060
008 090327s2009 xxk f s000 0 eng d
035 _a(Sirsi) u147060
041 0 _aeng
110 2 _aScotland
_kLaws, etc
245 0 4 _aThe Building (Scotland) Amendment Regulations 2009
_h[electronic resource]
260 _aEdinburgh
_bScottish Government
_c2009
490 0 _aScottish Statutory Instrument
_v2009: 119
520 _aAmend the Building (Scotland) Regulations 2004.
520 _aComes into force 1 May 2009.
521 _aAdvanced
590 _aKA
650 2 4 _aBUILDING (SCOTLAND) REGULATIONS 2004
650 2 4 _aBUILDING (SCOTLAND) AMENDMENT REGULATIONS 2009
651 4 _aScotland
_y1999-
690 _aBuilding regulations
_96224
856 4 0 _uhttps://www.opsi.gov.uk/legislation/scotland/ssi2009/ssi_20090119_en_1
_zView the statutory instrument free of charge at www.opsi.gov.uk...
942 _n0
999 _c109427
_d109427